[Event "Warren action op"]
[Site "Warren"]
[Date "2001.12.08"]
[Round "1"]
[White "Kaercher, Ken"]
[Black "Vlacic, Sretko"]
[Result "0-1"]
[WhiteElo "1124"]
[BlackElo "1611"]
[PlyCount "38"]
[EventDate "2001.12.08"]
[EventType "swiss (rapid)"]
[EventRounds "6"]
[EventCountry "USA"]
[SourceTitle "EXT 2007"]
[Source "ChessBase"]
[SourceDate "2006.11.23"]
[SourceVersion "1"]
[SourceVersionDate "2006.11.23"]
[SourceQuality "1"]

1. e4 e6 2. Nf3 d5 3. exd5 exd5 4. d4 Bg4 5. Be2 Bd6 6. Be3 Nf6 7. Nbd2 0-0 8. Ne5 Bf5 9. Ndf3 Nbd7 10. 0-0 Re8 11. Nxd7 Qxd7 12. Bd3 Bg4 13. c3 c6 14. h3 Bh5 15. g4 Nxg4 16. hxg4 Qxg4+ 17. Kh1 Qh3+ 18. Kg1 Bxf3 19. Bxh7+ Qxh7 0-1